00418nam a2200169Ia 4500003000400000005001700004008004100021020001800062050002300080100001600103245004000119260003500159300003300194440000600227521000700233526000800240OSt20140311163140.0140130s9999 xx 000 0 und d a9780516238463 aE 98.G2b.M55 1996 aMiller, Jay aAmericn indian games /cJay Miller. bScholastic,c1996.aNew York : a47 p. :bcol. ill. ;c22 cm. v1 aG1 c290